000 00261nam a22001097a 4500
008 170125b xxu||||| |||| 00| 0 eng d
020 _a9780534370688
041 _aeng
080 _25TH
_a61
245 _aFUNDAMENTALS OF BIOSTATISTICS
_cROSNER, B
942 _2udc
_cBK
999 _c3653
_d3653